Quodlibets I et II
Guardado en:
| Autores principales: | , |
|---|---|
| Formato: | Libro |
| Lenguaje: | francés |
| Publicado: |
París
J. Vrin
1958
|
| Colección: | Textes Philosophiques du Moyen Age, 7
|
| Materias: | |
| Etiquetas: |
Agregar Etiqueta
Sin Etiquetas, Sea el primero en etiquetar este registro!
|
MARC
| LEADER | 00000nam a2200000 a 4500 | ||
|---|---|---|---|
| 001 | UCZ3928 | ||
| 003 | CL-VaPUC | ||
| 008 | 951027e19580000FR |||||||||||||||||fre|d | ||
| 082 | 0 | 4 | |a 189 |b THE |2 21 |
| 100 | 0 | |a Thérines, Jacques de |e author |9 347782 | |
| 700 | 0 | |a Lesage, Jean |e author |9 347783 | |
| 245 | 1 | 0 | |a Quodlibets I et II |
| 246 | 1 | 0 | |a Quodlibet I |
| 300 | |a 355 p | ||
| 942 | |c BK | ||
| 945 | |d 19951027 00:00:00 |a lriquelm | ||
| 260 | |a París |b J. Vrin |c 1958 | ||
| 600 | 0 | |a Dios |9 314467 | |
| 650 | 0 | |a Filosofía medieval |9 256245 | |
| 650 | 0 | |a Metafísica |9 265649 | |
| 650 | 7 | |a SER |2 CL-VaPUC |9 320176 | |
| 650 | 0 | |a Virtud y vicio |9 310637 | |
| 650 | 0 | |a Ética |9 255099 | |
| 650 | 0 | |a Conceptos morales |9 310606 | |
| 650 | 0 | |a Teología |9 258766 | |
| 650 | 0 | |a Voluntad |9 307812 | |
| 583 | |a last modification |c 19951027 00:00:00 |k Rodrigo Vera | ||
| 490 | 0 | |a Textes Philosophiques du Moyen Age, 7 | |
| 999 | |c 240371 |d 240369 | ||
| 952 | |0 0 |1 0 |4 0 |6 189_000000000000000_THE_1958 |7 0 |8 P |9 252214 |a BIBEDU |b BIBEDU |c BIBEDU_PB |d 2019-11-18 |i 1591908 |o 189 THE 1958 |p 1591908 |r 2024-01-25 |w 2019-11-18 |y BK |k FIL | ||